[Event "Ternopol Kaplun Memorial 9th"]
[Site "Ternopol"]
[Date "2006.05.28"]
[Round "7"]
[White "Jamashev, Evgeny"]
[Black "Kalinin, Oleg"]
[Result "1/2-1/2"]
[WhiteElo "2320"]
[BlackElo "2372"]
[PlyCount "44"]
[EventDate "2006.05.24"]
[EventType "tourn"]
[EventRounds "9"]
[EventCountry "UKR"]
[EventCategory "2"]
[SourceTitle "CBM 112 Extra"]
[Source "ChessBase"]
[SourceDate "2006.07.14"]
[SourceVersion "1"]
[SourceVersionDate "2006.07.14"]
[SourceQuality "1"]

1. Nf3 Nf6 2. c4 g6 3. Nc3 Bg7 4. d4 d6 5. e4 0-0 6. Be2 Nbd7 7. 0-0 e5 8. Re1 c6 9. Be3 exd4 10. Nxd4 Re8 11. Qc2 Qe7 12. f3 Nh5 13. Rad1 Be5 14. Bf2 Qg5 15. g3 Bxg3 16. hxg3 Nxg3 17. Bxg3 Qxg3+ 18. Kf1 Ne5 19. Bd3 Bh3+ 20. Ke2 Qg2+ 21. Ke3 Qg5+ 22. Ke2 Qg2+ 1/2-1/2

[Event "Ternopol Kaplun Memorial 9th"]
[Site "Ternopol"]
[Date "2006.05.28"]
[Round "8"]
[White "Skalski, Michal"]
[Black "Jamashev, Evgeny"]
[Result "1-0"]
[WhiteElo "2327"]
[BlackElo "2320"]
[PlyCount "89"]
[EventDate "2006.05.24"]
[EventType "tourn"]
[EventRounds "9"]
[EventCountry "UKR"]
[EventCategory "2"]
[SourceTitle "CBM 112 Extra"]
[Source "ChessBase"]
[SourceDate "2006.07.14"]
[SourceVersion "1"]
[SourceVersionDate "2006.07.14"]
[SourceQuality "1"]

1. d4 Nf6 2. c4 g6 3. Nc3 Bg7 4. e4 d6 5. f3 0-0 6. Be3 e5 7. Nge2 b6 8. Qd2 Ba6 9. b3 Nbd7 10. d5 Nh5 11. 0-0-0 f5 12. Kb1 f4 13. Bf2 Qe7 14. Nc1 Bb7 15. Be2 a5 16. a3 Nc5 17. Kb2 Rfb8 18. b4 axb4 19. axb4 Na4+ 20. Nxa4 Rxa4 21. Nb3 Rba8 22. Ra1 Qd7 23. Rxa4 Rxa4 24. c5 bxc5 25. bxc5 Ba6 26. Bxa6 Rxa6 27. c6 Qc8 28. Ra1 Rxa1 29. Kxa1 g5 30. Qe2 Nf6 31. Qb5 h5 32. Qb7 Qd8 33. h3 Ne8 34. Ka2 Kh7 35. Ka3 Kg6 36. Ka4 g4 37. hxg4 hxg4 38. Ka5 Bf6 39. Ka6 Bh4 40. Ba7 Be1 41. Nc1 Kg5 42. Nd3 Bd2 43. Bf2 Be3 44. Bxe3 fxe3 45. Qa7 1-0

[Event "Ternopol Kaplun Memorial 9th"]
[Site "Ternopol"]
[Date "2006.05.26"]
[Round "4"]
[White "Jamashev, Evgeny"]
[Black "Privalov, Yuriy"]
[Result "1/2-1/2"]
[WhiteElo "2320"]
[BlackElo "2271"]
[PlyCount "66"]
[EventDate "2006.05.24"]
[EventType "tourn"]
[EventRounds "9"]
[EventCountry "UKR"]
[EventCategory "2"]
[SourceTitle "CBM 112 Extra"]
[Source "ChessBase"]
[SourceDate "2006.07.14"]
[SourceVersion "1"]
[SourceVersionDate "2006.07.14"]
[SourceQuality "1"]

1. Nf3 c5 2. c4 Nc6 3. Nc3 g6 4. e3 Bg7 5. d4 cxd4 6. exd4 d6 7. Be2 Nf6 8. 0-0 0-0 9. d5 Nb8 10. h3 Na6 11. Re1 Bd7 12. Nd4 Qb6 13. Rb1 Rfc8 14. Be3 Qd8 15. Qd2 Nc5 16. Bf3 a6 17. Rec1 a5 18. b3 Be8 19. a3 Nfd7 20. b4 Na6 21. Ncb5 axb4 22. axb4 Nc7 23. c5 Ne5 24. Nxc7 Nxf3+ 25. Nxf3 Rxc7 26. Bd4 Bxd4 27. Qxd4 Ra4 28. Qd2 Qd7 29. Qh6 f6 30. Nd4 Bf7 31. c6 Qc8 32. Nb5 Bxd5 33. cxb7 Rxc1+ 1/2-1/2